Normal view MARC view
  • González Garza, Ana María

Entry Nombre Personal

Number of records used in: 10

001 - NUMERO DE CONTROL

  • campo de control: 28883

003 - IDENTIFICADOR DE NUMERO DE CONTROL

  • campo de control: DLC

005 - FECHA Y HORA DE LA ÜLTIMA TRANSACCIÓN

  • campo de control: 20220502124122.0

008 - DATOS DE LONGITUD FIJA

  • campo de control de longitud fija: 220502n| acannaabn |a aaa c

010 ## - NÚMERO DE CONTROL DE LA BIBLIOTECA DEL CONGRESO

  • Número de control LC: n 89630012

035 ## - NUMERO DE CONTROL

  • Número de control: (OCoLC)oca02527806

040 ## - FUENTE DE CATALOGACIÓN

  • Agencia original de catalogación: TxU
  • Lenguaje de catalogación: spa
  • Agencia de transcripción: TxU
  • Agencia que lo modifica: OCoLC
  • Agencia que lo modifica: MX-MxUPN

100 1# - ENCABEZAMIENTO - NOMBRE PERSONAL

  • Nombre personal: González Garza, Ana María

400 1# - VEÁSE - NOMBRE DE PERSONA

  • Personal name: Garza, Ana María González

670 ## - FUENTE EN LA QUE SE LOCALIZARON DATOS

  • Cita de la fuente: En su obra: El enfoque centrado en la persona, 1987:
  • Información localizada: portada (Ana María González Garza)

902 ## - CATALOGADOR

  • Catalogador: NDAF/220502